Indiana Journal of Global Legal Studies

محفوظ في:

التنسيق: دورية

اللغة: Undetermined

منشور في: JSTOR
Indiana University Press

الوصول للمادة أونلاين: Login to view Source

الوسوم: إضافة وسم

لا توجد وسوم, كن أول من يضع وسما على هذه التسجيلة!

رقم الطلب:

LEADER 00493nas a2200157Ia 4500
008 220214c99999999xx |||||||||||| ||und||
022 |a 1080-0727 
022 |a 1543-0367 
245 0 0 |a Indiana Journal of Global Legal Studies 
264 1 |b JSTOR 
264 1 |b Indiana University Press 
362 0 |a Vol. 1(1993)-24 (2017) 
856 4 0 |u https://www.jstor.org/journal/indjglolegstu 
942 |c JL 
952 |0 0  |1 0  |4 0  |7 1  |9 35265  |a JSR  |b JSR  |d 2022-02-14  |l 0  |r 2022-02-14 00:00:00  |w 2022-02-14  |y JL 
999 |c 43598  |d 43598